Analyzing of environmental management systems status in the source documents of the EU, OECD and in the Slovak Republic

OECD Stratégia zeleného rastu. Stratégia Európa 2020. Stratégie udržateľného rastu.

Saved in:
Bibliographic Details
Main Author: Bednárová, Lucia
Other Authors: Jergová, Natália
Format: Book Chapter
Language:English
Subjects:
Tags: Add Tag
No Tags, Be the first to tag this record!

MARC

LEADER 00000naa a2200000 4500
001 0214144
005 20250618115757.5
041 0 |a eng 
044 |a SK 
245 1 0 |a Analyzing of environmental management systems status in the source documents of the EU, OECD and in the Slovak Republic  |c Lucia Bednárová, Natália Jergová 
520 |a OECD Stratégia zeleného rastu. Stratégia Európa 2020. Stratégie udržateľného rastu. 
610 2 0 |a manažment environmentálny 
610 2 0 |a rozvoj trvalo udržateľný 
100 1 |a Bednárová, Lucia 
700 1 |a Jergová, Natália